000 01033nam a22002657i 4500
003 URS
005 20250120181354.0
008 160925b xxu||||| |||| 00| 0 eng d
020 _a978-971-0445-424
040 _erda
_cURS
_bEnglish
050 _aPS9991
_b.K898 2009
245 _aKritika :
_bselected readings in Philippine literature from Pre-Colonial to Post EDSA /
_cJaime Gutierrez-Ang.
264 1 _aIntramuros, Manila :
_bMindshapers Company, Incorporated,
_c©2009.
300 _aviii, 267 pages ;
_c25 cm.
336 _atext
_btxt
_2rdacontent
337 _aunmediated
_bn
_2rdamedia
338 _avolume
_bnc
_2rdacarrier
504 _aIncludes bibliographical references.
650 _aPhilippine literature (English)
_vStudy and teachings.
650 _aPhilippine literature (English)
_vHistory and criticism.
650 _aPhilippine literature (English)
_vProblem, exercises, etc.
650 _aPhilippine literature (English)
_vCollected works.
700 _aAng, Jaime Gutierrez,
_eeditor.
_96179
942 _2lcc
_cF
999 _c10180
_d10180